THER TECH FORM '05

Salvato in:
Dettagli Bibliografici
Ente Autore: Medzinárodná konferencia Tále - Nízke Tatry
Natura: Atti del Convegno Libro
Lingua:multilingua
Pubblicazione: Košice : Technická univerzita v Košiciach, 2005
Soggetti:
Tags: Aggiungi Tag
Nessun Tag, puoi essere il primo ad aggiungerne!!

MARC

LEADER 00000nam a22000003a 4500
001 stu95607
005 20150408162700.9
008 050919s2005----xo------------------mul-d
040 |a STU  |b slo 
041 0 |a mul 
044 |a xo 
080 |a 621.77 
080 |a (063) 
111 2 |a Medzinárodná konferencia  |n (4. :  |d 5.-8.9.2005 :  |c Tále - Nízke Tatry) 
245 |a THER TECH FORM '05 
260 |a Košice :  |b Technická univerzita v Košiciach,  |c 2005 
300 |a CD 
650 7 |a tvárnenie ocele  |2 stusub 
776 |t Acta Metallurgica Slovaca  |w stu_us_cat*stu95606 
996 |b 284M052914  |c M*CD-660  |l MMKN  |s A  |a 24  |w stu95607_0001